Jugadores Alemania #1 - Estadísticas

Estadísticas generales
  • Esta prueba ha sido intentada 47 veces
  • La puntuación promedio es 18 de 20
Estadísticas de respuestas
Imagen Respuesta % Correcto
Muller
100%
Gundogan
95%
Rudiger
95%
Gotze
92%
Havertz
92%
Musiala
92%
Ter Stegen
92%
Wirtz
92%
Hummels
90%
Kimmich
90%
Reus
90%
Sane
90%
Adeyemi
87%
Brandt
87%
Gnabry
87%
Goretzka
87%
Tah
82%
Werner
79%
Fullkrug
77%
Moukoko
67%
No se encontraron pruebas coincidentes
Distribución de puntuación
Porcentaje de gente con cada puntuación
Porcentaje por número respondido
Historial de tus puntuaciones
No has intentado esta prueba.